000 00436nam a2200181Ia 4500
001 2237
005 20260306143827.0
008 260306t2015||||xx |||||||||||||| ||spa||
041 _aESP
082 _a616.8
_bF89
100 _aFuente, Juan Ramón de la
_eAUT
245 0 _aSalud mental y medicina psicológica
260 _c2015
300 _a416 páginas :
_c28 cm.
650 _aGEN
654 _aCPS
942 _cLIB
_dJUS
_fJUS
_2ddc
_n
999 _c2237
_d2237